Rechtsprobleme der Planung von Einkaufszentren

Saved in:
Bibliographic Details
Main Author: Reimeir, Günter
Format: Book
Language:German
Published: Wien Braumüller 1992
Edition:1. Aufl.
Series:Schriftenreihe Verwaltungsrecht Bd.4
Subjects:
Tags: Add Tag
No Tags, Be the first to tag this record!

MARC

LEADER 00000nam a2200000 4500
001 c002949
005 20221221080718.2
020 |a 3-7003-0950-3 
041 0 |a ger 
044 |a AT 
245 1 0 |a Rechtsprobleme der Planung von Einkaufszentren  |c Günter Reimeir 
250 |a 1. Aufl. 
264 1 |a Wien  |b Braumüller  |c 1992 
300 |a 195 s. 
490 1 |a Schriftenreihe Verwaltungsrecht  |v Bd.4 
830 0 |a Schriftenreihe Verwaltungsrecht  |v Bd.4 
610 2 0 |a strediská nákupné 
610 2 0 |a Rakúsko 
610 2 0 |a predpisy právne 
610 2 0 |a plánovanie 
610 2 0 |a legislatíva 
100 1 |a Reimeir, Günter